000 00476nam a2200193Ia 4500
005 20240823061235.0
008 240823s9999||||xx |||||||||||||| ||und||
041 _aENGLISH
082 _A620.106 M3
100 _a"Wyile,Benjamin E "
245 0 _aFluid Mechanics
250 _a1st
260 _c1983
_b"MGH,Auckland"
500 _aTRANSFERED
650 _aFluid Mechanics
_bAeronautical Engineering
700 _a" Streeter,Victor L"
942 _cBK
999 _c233045
_d233045